000
00245nam a2200097Ia 4500
008
220204s9999 xx 000 0 und d
082
_a
338.432(058)
_b
FAO
245
0
_a
FAO production yearbook V 51. 1997.
260
_a
Rome
_b
FAO
_c
1997
942
_c
BK
999
_c
41448
_d
41448